Strategic management
| Main Author: | |
|---|---|
| Format: | Book |
| Published: |
New jersey :
Prentice Hall ,
2002
|
| Subjects: |
MARC
| LEADER | 00000cam a2200000 7i4500 | ||
|---|---|---|---|
| 001 | 0000012098 | ||
| 005 | 20050506.0 | ||
| 020 | |a 0130663425 | ||
| 040 | |a INS | ||
| 090 | 0 | 0 | |a HD30.28 |b D3785 2003 |
| 100 | 1 | |a R. David, Fred | |
| 245 | 1 | 0 | |a Strategic management |c Fred R. David |
| 260 | |a New jersey : |b Prentice Hall , |c 2002 | ||
| 300 | |a vi : |b 234p ; |c 28cm. | ||
| 650 | 0 | 0 | |a Strategic planning |
| 999 | |a 0000012866 |b BOOK |c Open Shelf |e Default branch | ||